LEADER 00865nam0 2200265 450 001 000013047 005 20080616173354.0 100 $a20080616d1982----km-y0itay50------ba 101 0 $aita 102 $aIT 105 $ay-------001yy 200 1 $a<>prezzo del petrolio$einflazione, ristrutturazione e crisi nelle economie occidentali$fLiliana Baculo 210 $aBari$cDe Donato$d1982 215 $a205 p.$d21 cm 225 2 $aMovimento operaio$v70 410 0$12001$aMovimento operaio 610 1 $aPetrolio$aPrezzi$a1972-1981 676 $a338.27$v18$9Prodotti minerari 676 $a338.27282$v19$9Estrazione dei minerali. Petrolio 700 1$aBaculo,$bLiliana$0374794 801 0$aIT$bUNIPARTHENOPE$c20080616$gRICA$2UNIMARC 912 $a000013047 951 $a131/34$b554$cNAVA2$d2008 996 $aPrezzo del petrolio$9457432 997 $aUNIPARTHENOPE LEADER 03259nam 22006132 450 001 9910455329403321 005 20151005020623.0 010 $a1-107-12264-3 010 $a0-511-32340-9 010 $a0-511-15281-7 010 $a0-521-80128-1 010 $a0-511-49253-7 010 $a0-511-11934-8 010 $a1-280-15482-9 010 $a0-511-04758-4 035 $a(CKB)111056485620284 035 $a(EBL)201855 035 $a(OCoLC)559592340 035 $a(SSID)ssj0000160213 035 $a(PQKBManifestationID)11154733 035 $a(PQKBTitleCode)TC0000160213 035 $a(PQKBWorkID)10181869 035 $a(PQKB)10491590 035 $a(UkCbUP)CR9780511492532 035 $a(MiAaPQ)EBC201855 035 $a(Au-PeEL)EBL201855 035 $a(CaPaEBR)ebr5007860 035 $a(CaONFJC)MIL15482 035 $a(EXLCZ)99111056485620284 100 $a20090302d2001|||| uy| 0 101 0 $aeng 135 $aur||||||||||| 181 $ctxt$2rdacontent 182 $cc$2rdamedia 183 $acr$2rdacarrier 200 14$aThe future of eMarkets $emulti-dimensional market mechanisms /$fMartin Bichler$b[electronic resource] 210 1$aCambridge :$cCambridge University Press,$d2001. 215 $a1 online resource (xiii, 248 pages) $cdigital, PDF file(s) 300 $aTitle from publisher's bibliographic system (viewed on 05 Oct 2015). 311 $a0-521-00383-0 311 $a0-511-01240-3 320 $aIncludes bibliographical references (p. 230-245) and index. 327 $aCover; Half-title; Title; copyright; Contents; Figures; Tables; Preface; Acknowledgments; 1 Electronic Commerce and Electronic Marketplaces; 2 Internet Marketplaces ... A Technical Perspective; 3 The Difficulty of Setting Prices; 4 Methods for the Analyses and Design of Electronic Markets; 5 Automated Negotiations ... A Survey of State-of-the-Art Practices; 6 Experimental Analysis of Multi-Attribute Auctions; 7 Economic Models of Multi-Attribute Auctions; 8 Conclusions and Perspectives; Appendix: Utility Theory and Decision Analysis Techniques; References; Index 330 $aDynamic pricing and on-line auctions are emerging as the preferred models for e-business. This multi-disciplinary 2001 book presents a framework of negotiation protocols for electronic markets. It was the first book to combine economics with computer science and the first to describe multidimensional auction mechanisms - i.e. automated negotiations on multiple attributes and/or multiple units of a product. In addition it summarises the introductory economics needed to understand electronic markets, and surveys the literature on negotiation and auction theory. Case studies include the trading of financial derivatives. For use in the design, implementation and upgrade of electronic markets, for researchers in: economics, information systems and operations management, computer science and all students of the e-commerce phenomenon. 606 $aElectronic commerce 615 0$aElectronic commerce. 676 $a658.8/4 700 $aBichler$b Martin$01046762 801 0$bUkCbUP 801 1$bUkCbUP 906 $aBOOK 912 $a9910455329403321 996 $aThe future of eMarkets$92473920 997 $aUNINA